Представление документа в формате MARC21

ПолеНазваниеЗначение
  Тип записи a
  Библиографический уровень m
001 Контрольный номер RU\infra-m\znanium\bibl\2236894
005 Дата корректировки 20260429142117.7
008 Кодируемые данные 260402s2025 RU g rus u
020 Индекс ISBN __
a ISBN 978-5-9614-8992-7
040 Источник каталогиз. __
a Служба первич. каталог. Общество с ограниченной ответственностью «ЗНАНИУМ»
041 Код языка издания __
a Код языка текста rus
044 Код страны публикации __
a Код страны публикации RU
080 Индекс УДК __
a Индекс УДК 087
084 Индекс другой классификации/Индекс ББК __
2 Источник индекса rubbk
a Индекс другой классификации/Индекс ББК 280
100 Автор __
a Автор Стоянова Э.
q Полное имя Стоянова Элина
245 Заглавие __
a Заглавие Расплетая ДНК: увлекательный путеводитель по генетике
b Продолж. заглавия Научно-популярная литература
250 Сведения об издании __
a Основные сведения об издании 1
260 Выходные данные __
a Место издания Москва
b Издательство ООО "Альпина Паблишер"
c Дата издания 2026
300 Физическое описание __
a Объем 120 с.
520 Аннотация __
a Аннотация Известные нам формы жизни бесконечно разнообразны. Синий кит — самое большое животное а бактерии настолько малы что их не увидишь невооруженным глазом. Есть ящерицы способные стрелять кровью из глаз и невероятные рыбы-жабы. Поразительных созданий на планете великое множество и человек — одно из них. Каждое живое существо уникально: отличается от других размерами оттенками и формами и занимает собственное место в мире. Но есть и кое-что общее: все на Земле стремятся передать своему потомству детенышам информацию о том кто они и как устроен их организм. Эти сложные и интересные знания о жизни закодированы в генетическом коде скрытом в специальных молекулах. Тебе наверняка доводилось слышать об одной из них — ДНК. Ученые уже расшифровали удивительный язык этих молекул. Это помогло больше узнать о первых живых существах на планете и о том как постоянно меняясь они смогли стать нами — людьми. Опираясь на знания о ДНК исследователи изучают микроорганизмы живущие вокруг нас разрабатывают новые лекарства и делают еще много всего интересного и полезного. Используя информацию о ДНК можно даже искать преступников и оправдывать невиновных! В этой книге ты познакомишься с невероятными возможностями которые открывает перед нами генетика. Ты узнаешь чем различаются близнецы от чего зависит рисунок полос у тигра и зачем ученым в лабораториях шпорцевые лягушки и осьминоги.
521 Примеч. о цел. назн. __
a Примеч. о целев. назн. Дополнительное образование детей
650 Тематические рубрики __
a Основная рубрика Художественная литература. Досуг
x Основная подрубрика Детская научно-популярная и справочная литература
655 Указ. предметных рубрик (устаревшее) __
a Жанр/ форма (устаревшее) Научно-популярная литература
700 Другие авторы __
a Другие авторы Потапова Н.
q Полное имя Потапова Надежда
700 Другие авторы __
a Другие авторы Журко А.
q Полное имя Журко Ани
856 Электронный адрес документа 4_
a Имя сервера/домена znanium.ru
m Помощь ebs_support@infra-m.ru
n Местонахождение сервера НИЦ ИНФРА-М
u URL https://znanium.ru/catalog/document?id=474666
856 Электронный адрес документа 48
a Имя сервера/домена znanium.ru
d Путь /cover/2236
f Электронное имя 2236894.jpg
q Тип электронного формата image/jpeg
u URL https://znanium.ru/cover/2236/2236894.jpg
911 __
u 0030=https://znanium.ru/catalog/document?id=474666